[Event "It (open)"]
[Site "masterchessopen.com Voronezh (Russia)"]
[Date "2009.06.15"]
[Round "4"]
[White "Rysbayeva Aigerim (KAZ)"]
[Black "Semenova Irina (RUS)"]
[Result "0-1"]
[WhiteElo "2167"]
[BlackElo "2275"]

1.e4 e5 2.Nf3 Nc6 3.Bb5 a6 4.Ba4 d6 5.c3 g6 6.d4 Bd7 7.O-O Bg7 8.Re1 Qe7 9.d5
Nb8 10.c4 b5 11.Bb3 Nf6 12.a4 b4 13.c5 dxc5 14.Nbd2 Bg4 15.Nc4 Bxf3 16.Qxf3
O-O 17.a5 Ne8 18.Be3 Nd7 19.Rac1 Nd6 20.Ba4 Nb5 21.Red1 Rfd8 22.Bxb5 axb5
23.d6 cxd6 24.Nxd6 Rdb8 25.Bxc5 Nxc5 26.Rxc5 Rxa5 27.h3 Rba8 28.Kh2 Bf8 29.Qg3
Ra1 30.Rcd5 Qf6 {#R} 0-1

[Event "Memorial Danilo Dajo Batricevic (open)"]
[Site "masterchessopen.com Cetinje (Montenegro)"]
[Date "2009.08.11"]
[Round "3"]
[White "Kovacevic Aleksandar (SRB)"]
[Black "Batricevic Sasa (MNE)"]
[Result "1-0"]
[WhiteElo "2575"]
[BlackElo "2287"]

1.e4 e5 2.Nf3 Nc6 3.Bb5 g6 4.c3 a6 5.Ba4 d6 6.d4 Bd7 7.O-O Bg7 8.Re1 Nge7 9.d5
Nb8 10.c4 O-O 11.Bxd7 Nxd7 12.Be3 h6 13.Nfd2 f5 14.f3 g5 15.Nc3 Rf7 16.b4 Nf6
17.c5 Kh8 18.Nc4 Rc8 19.Rc1 g4 20.Kh1 gxf3 21.gxf3 fxe4 22.fxe4 b5 23.cxb6
cxb6 24.Bxb6 Qd7 25.Qe2 Ng6 26.Be3 Rb8 27.a3 Nf4 28.Bxf4 exf4 29.e5 f3 30.Qxf3
Ng4 31.e6 Rxf3 32.exd7 Rf2 33.Re8+ Kh7 34.Rxb8 Bd4 35.Rh8+ Bxh8 36.d8=Q Rxh2+
37.Kg1 Bd4+ 38.Kf1 Rf2+ 39.Ke1 {#r} 1-0

[Event "Ch World (juniors) (under 12) (g)"]
[Site "masterchessopen.com Kemer (Turkey)"]
[Date "2009.11.12"]
[Round "1"]
[White "Ozturk Hilal (TUR)"]
[Black "Khademalsharieh Sarasadat (IRI)"]
[Result "0-1"]
[WhiteElo "1653"]
[BlackElo "1977"]

1.e4 e5 2.Nf3 Nc6 3.Bb5 a6 4.Ba4 d6 5.c3 Bd7 6.d4 g6 7.O-O Bg7 8.Re1 Nf6
9.Nbd2 O-O 10.Nf1 Nh5 11.Be3 Kh8 12.Qd2 Nxd4 13.cxd4 Bxa4 14.Qb4 Bc6 15.d5 Bb5
16.a4 c5 17.dxc6 Bxc6 18.Bb6 Qd7 19.Red1 Qg4 20.Qxd6 Bxe4 21.Ne3 Qf4 22.Nd5
Bxd5 23.Qxd5 e4 24.Nd4 Nf6 25.Qxb7 Ng4 26.Qc7 Be5 27.Qc2 Qxh2+ 28.Kf1 Qh1+
29.Ke2 Qxg2 30.Nc6 Qf3+ 31.Ke1 Rac8 32.Ra3 e3 33.Nxe5 Qh1+ 34.Ke2 Rxc2+ {#R}
0-1

[Event "It (w) \"]
[Site "masterchessopen.com Rijeka (Croatia)"]
[Date "2010.07.05"]
[Round "2"]
[White "Purgar Ivona (CRO)"]
[Black "Cherednichenko Elena (UKR)"]
[Result "0-1"]
[WhiteElo "2091"]
[BlackElo "2147"]

1.e4 e5 2.Nf3 Nc6 3.Bb5 g6 4.c3 a6 5.Ba4 d6 6.d4 Bd7 7.O-O Bg7 8.Re1 Qe7 9.Be3
Nf6 10.Nbd2 O-O 11.h3 Kh8 12.d5 Nb8 13.Bxd7 Nbxd7 14.b4 Ng8 15.c4 f5 16.exf5
gxf5 17.Bg5 Qf7 18.Rc1 Qh5 19.Nf1 e4 20.Ng3 Qg6 21.Nd4 Qxg5 22.Ne6 Qg6 23.Nxf8
Rxf8 24.c5 Ne5 25.Re2 Nd3 26.Rc4 Nb2 {#R} 0-1

[Event "Olympiad (w)"]
[Site "masterchessopen.com Khanty Mansyisk (Russia)"]
[Date "2010.09.28"]
[Round "7"]
[White "Homiakova Elena (BLR)"]
[Black "Franco Angela (COL)"]
[Result "1-0"]
[WhiteElo "2156"]
[BlackElo "2148"]

1.e4 e5 2.Nf3 Nc6 3.Bb5 a6 4.Ba4 d6 5.c3 Bd7 6.d4 g6 7.O-O Bg7 8.Re1 Nge7
9.Be3 h6 10.d5 Nb8 11.Bxd7+ Nxd7 12.Nfd2 O-O 13.c4 f5 14.exf5 gxf5 15.Nf3 Ng6
16.Nc3 Rf7 17.b4 e4 18.Nd4 Qh4 19.Nce2 f4 20.g3 Qf6 21.Nxf4 Nxf4 22.gxf4 Qh4
23.Kh1 Kh8 24.Rg1 Bf6 25.Rg4 Qh3 26.Rg3 Qh4 27.Nf5 Qxg3 28.hxg3 Bxa1 29.Qxa1+
Kh7 30.Nd4 a5 31.Qb1 axb4 32.Qxe4+ Kg8 33.Qg6+ Rg7 34.Qc2 Nf6 35.Ne6 Rg4
36.Qf5 Kf7 37.Bd4 Rg6 38.Bxf6 {#r} 1-0

[Event "It (open)"]
[Site "masterchessopen.com Cappelle la Grande (France)"]
[Date "2011.03.03"]
[Round "7"]
[White "Dessenne Francois (FRA)"]
[Black "Marholev Dimitar (BUL)"]
[Result "0-1"]
[WhiteElo "2080"]
[BlackElo "2355"]

1.e4 e5 2.Nf3 Nc6 3.Bb5 g6 4.c3 a6 5.Ba4 d6 6.d4 Bd7 7.O-O Bg7 8.Be3 Nf6
9.Nbd2 O-O 10.Re1 b5 11.Bb3 h6 12.dxe5 dxe5 13.a3 Re8 14.Bc5 Na5 15.Ba2 Nb7
16.Be3 c5 17.c4 Bc6 18.Qc2 Qe7 19.h3 b4 20.Nh2 a5 21.a4 Nd8 22.f3 Nd7 23.Bf2
Ne6 24.Nhf1 Nd4 25.Qd3 Bxa4 26.Ne3 Nb6 27.b3 Bd7 28.Nd5 Qd6 29.Nf1 Nxd5
30.cxd5 Bb5 31.Qd2 a4 {#R} 0-1

[Event "It (open)"]
[Site "masterchessopen.com Voronezh (Russia)"]
[Date "2011.06.20"]
[Round "8"]
[White "Khanin Semen (RUS)"]
[Black "Semenova Irina (RUS)"]
[Result "0-1"]
[WhiteElo "2134"]
[BlackElo "2236"]

1.e4 e5 2.Nf3 Nc6 3.Bb5 a6 4.Ba4 d6 5.c3 g6 6.d4 Bd7 7.O-O Bg7 8.Re1 Nge7
9.Be3 O-O 10.dxe5 dxe5 11.Nbd2 Re8 12.Bb3 h6 13.Qe2 Nc8 14.Rad1 Qf6 15.h3 Na5
16.Bc2 b6 17.b4 Nb7 18.a4 b5 19.c4 bxa4 20.Ra1 c5 21.bxc5 Bf8 22.Bxa4 Bxa4
23.Rxa4 Nxc5 24.Ra5 Qc6 25.Rea1 Re6 26.Bxc5 Bxc5 27.Nb3 Bd6 28.Qd3 Ne7 29.Qc3
Qxe4 30.Re1 Qb7 31.Nc5 Bxc5 32.Rxc5 f6 33.Ra5 Rc8 34.Rc1 Kg7 {#R} 0-1

[Event "Ch Hungary (juniors) (under 14)"]
[Site "masterchessopen.com Celldoemoelk (Hungary)"]
[Date "2011.07.02"]
[Round "8"]
[White "Antal Tibor Kende (HUN)"]
[Black "Korpa Bence (HUN)"]
[Result "1-0"]
[WhiteElo "2286"]
[BlackElo "2237"]

1.e4 e5 2.Nf3 Nc6 3.Bb5 g6 4.c3 a6 5.Ba4 d6 6.d4 Bd7 7.O-O Bg7 8.dxe5 dxe5
9.Qe2 Nge7 10.Rd1 O-O 11.Be3 b6 12.Na3 Qe8 13.h3 Qc8 14.Rd2 Rd8 15.Rad1 h6
16.Kh2 Be6 17.Rxd8+ Nxd8 18.Qd2 b5 19.Bb3 g5 20.c4 Qb7 21.cxb5 axb5 22.Bc5
Bxb3 23.axb3 Ng6 24.Qd5 Qxd5 25.exd5 Nb7 26.Bb4 Nd6 27.Bxd6 cxd6 28.Nxb5 Rb8
29.Nxd6 Rxb3 30.Nf5 Rxb2 31.d6 Rb8 32.Nd2 e4 33.Nxe4 Be5+ 34.g3 Kh7 35.d7 Bc7
36.Nf6+ Kh8 37.Rc1 {#r} 1-0

[Event "Memorial M.Chigorin (open)"]
[Site "masterchessopen.com St. Petersburg (Russia)"]
[Date "2011.10.19"]
[Round "6"]
[White "Popov Artemiy"]
[Black "Androsov Sergey (RUS)"]
[Result "0-1"]
[WhiteElo "1649"]
[BlackElo "2088"]

1.e4 e5 2.Nf3 Nc6 3.Bb5 a6 4.Ba4 d6 5.c3 Bd7 6.d4 g6 7.O-O Bg7 8.Be3 Nf6
9.Nbd2 O-O 10.h3 Re8 11.Qc2 h6 12.dxe5 Nxe5 13.Nxe5 Bxa4 14.Qxa4 dxe5 15.Rad1
Qe7 16.f3 Red8 17.Nb3 b6 18.Qc6 Rab8 19.c4 Rd6 20.Qa4 Rbd8 21.Rxd6 Qxd6
22.Qxa6 Qd3 23.Bc1 Nh5 24.Qa4 Ng3 25.Re1 Ne2+ 26.Kh1 Nxc1 27.Rxc1 h5 28.c5 Bh6
29.Re1 Qc2 30.cxb6 cxb6 31.Qb4 Rd1 32.Kh2 Bf4+ 33.Kg1 Qe2 34.Rxd1 Qxd1+ 35.Kf2
Qc2+ 36.Ke1 Bg3+ {#R} 0-1

[Event "Ch Hungary (team) 2011/12"]
[Site "masterchessopen.com Hungary"]
[Date "2012.04.22"]
[Round "9"]
[White "Gara Anita (HUN)"]
[Black "Zsinka Laszlo (HUN)"]
[Result "1-0"]
[WhiteElo "2341"]
[BlackElo "2286"]

1.e4 e5 2.Nf3 Nc6 3.Bb5 a6 4.Ba4 g6 5.c3 d6 6.d4 Bd7 7.O-O Bg7 8.Bg5 f6 9.Be3
Nh6 10.dxe5 Nxe5 11.Nxe5 fxe5 12.h3 Nf7 13.c4 O-O 14.Bxd7 Qxd7 15.Nc3 b6
16.Nd5 Nd8 17.Bxb6 cxb6 18.Nxb6 Qb7 19.Nxa8 Nf7 20.Qd5 Qxa8 21.b4 Qxd5 22.cxd5
Bh6 23.Rfd1 Rc8 24.a4 Rc4 25.Rdb1 Nd8 26.a5 Bd2 27.b5 axb5 28.a6 Rc8 29.a7
{#r} 1-0